Yüklüyor......
Introduction to database system
| Yazar: | |
|---|---|
| Materyal Türü: | Printed Book |
| Baskı/Yayın Bilgisi: |
New Delhi
Anmol
2010
|
| Konular: |
| LEADER | 00495nam a22001577a 4500 | ||
|---|---|---|---|
| 020 | |a 9788126144693 | ||
| 082 | |a 005.74 |b TAN/I | ||
| 100 | |a Tandom, Anil | ||
| 245 | |a Introduction to database system | ||
| 260 | |a New Delhi |b Anmol |c 2010 | ||
| 300 | |a 280p. | ||
| 650 | |a Database system | ||
| 650 | |a Computer science | ||
| 942 | |c BK | ||
| 999 | |c 36488 |d 36488 | ||
| 952 | |0 0 |1 0 |4 0 |6 005_740000000000000_TANI |7 0 |8 Stack |9 38648 |a KUCL |b KUCL |c Stack |d 2015-12-08 |g 295.00 |l 0 |o 005.74 TAN/I |p 35418 |r 2015-12-08 |w 2015-12-08 |y BK | ||